00755 2200193 4500001002100000005001700021008004100038035002400079082001400103090002200117110004500139245008200184260011100266300002300377500006900400650006100469850001500530990001600545YOGYA-0209000000772520090227021040.0 ind  0010-020900000007725 aR 346.048 a346.048bInd KlR aINDONESIA[Undang-Undang, Peraturan, dsb] akompilasi Undang-Undang Republik Indonesia di Bidang Hak Kekayaan Intelektual aTangerangbDirektorat Jendral Hak Kekayaan Intelektual Departemen Kehakiman dan Hak Asasi Manusia RIc2000 aVII.287 hlmc21 cm aBekerjasama dengan Japan Internasional Co-operation Agency(JICA) aHak Kekayaan Intelektual - Undang - Undang dan peraturan aYOPDYOG(B) a04A00668b1